ADVANCED INSTRUMENTATION TECHNIQUES (Record no. 1219726)

MARC details
000 -LEADER
fixed length control field 00460nam a2200169Ia 4500
008 - FIXED-LENGTH DATA ELEMENTS--GENERAL INFORMATION
fixed length control field 260407s2023 xx 000 0 und d
041 ## - LANGUAGE CODE
Language code of text/sound track or separate title eng
082 ## - DEWEY DECIMAL CLASSIFICATION NUMBER
Classification number 621.38/GAN
Item number 12234
100 ## - MAIN ENTRY--PERSONAL NAME
Personal name DR. S.N. GANDHI
245 ## - TITLE STATEMENT
Title ADVANCED INSTRUMENTATION TECHNIQUES
250 ## - EDITION STATEMENT
Edition statement 1ST
260 ## - PUBLICATION, DISTRIBUTION, ETC.
Place of publication, distribution, etc. PUNE
Name of publisher, distributor, etc. TECHNICAL PUB
Date of publication, distribution, etc. 2023
300 ## - PHYSICAL DESCRIPTION
Extent 6.36p
650 ## - SUBJECT ADDED ENTRY--TOPICAL TERM
Topical term or geographic name entry element ADVANCED INSTRUMENTATION TECHNIQUES
650 ## - SUBJECT ADDED ENTRY--TOPICAL TERM
Topical term or geographic name entry element PHARMACEUTICAL CHEMISTRY
700 ## - ADDED ENTRY--PERSONAL NAME
Personal name DR.S.B. KANTHALE
Holdings
Withdrawn status Lost status Damaged status Not for loan Home library Current library Date acquired Cost, normal purchase price Total Checkouts Full call number Barcode Date last seen Price effective from Koha item type
        College of Pharmacy, Kolhapur College of Pharmacy, Kolhapur 08/04/2026 325.00   621.38/GAN/12234 PCK-12234 08/04/2026 08/04/2026 Book